| 000 | 00552nam a2200169Ia 4500 | ||
|---|---|---|---|
| 008 | 090201s9999 xx 000 0 und d | ||
| 010 | _aKPL-20887 | ||
| 040 | _bमराठी | ||
| 041 | _aमराठी | ||
| 082 |
_a21213 _b20887 |
||
| 100 | _aपॉल ब्रन्टन | ||
| 245 |
_aहिमालय नि एक तपस्वी _cपॉल ब्रन्टन |
||
| 260 |
_c2004 _bअ.ल.गाडगीळ |
||
| 300 |
_a279 _bमोठा |
||
| 600 | _aहिमालय नि एक तपस्वी | ||
| 942 | _cBOOK | ||
| 999 |
_c220940 _d220940 |
||